| 000 | 01283nam a2200277 4500 | ||
|---|---|---|---|
| 001 | 0000015393 | ||
| 003 | CO-CtgCURN | ||
| 005 | 20250331185207.0 | ||
| 007 | ta | ||
| 008 | 160627s2001 000 0 eng d | ||
| 020 | _a970655324X | ||
| 040 |
_aCO-CtgCURN _bspa _ccoctgcurn |
||
| 082 | 0 |
_a616.0472 _bG940 |
|
| 245 | 0 | 0 |
_aGuia de la Clinica Mayo sobre dolor cronico / _cEditor David W. Swanson. |
| 260 |
_aMexico : _bTrillas, _c2001. |
||
| 300 | _a177 p. | ||
| 336 | _2rdacontent | ||
| 337 |
_2rdamedia _asin mediacion _bn |
||
| 338 |
_2rdacarrier _avolumen _bnc |
||
| 505 | 8 | _aComo comprender el dolor.--·Tiene dolor cronico?.--Ciclos del dolor cronico.--Como reconocer los costos del dolor cronico.--Como tomar el control de su dolor.--Como empezar a hacer ejercicio.--Como encontrar el equilibrio.--Maneje las emociones y comportamientos.--Maneje el estres de la vida.--Interacción con familiares y amigos.--Como cuidarse usted mismo y a su salud.--·Y los medicamentos?.--Medicina complementaria y alternativa.--Centros y clinicas para el dolor.--Como mantener el control | |
| 650 | 1 | 4 | _aDolor. |
| 700 | 1 | _aSwanson, David W. | |
| 908 | _a160627 | ||
| 942 |
_cBK _h616.0472 _iG940 _2ddc |
||
| 999 |
_c22513 _d22513 |
||